000 00581nam a22001937a 4500
005 20251108175226.0
008 250721s9999 xx 000 0 ara d
082 1 4 _aط/216.2/لجن
245 1 0 _aالصوم والزكاة والحج المصور للأطفال /
264 _bدار الحافظ لثقافة أطفالكم حافظ،
300 _a10ص.
650 1 7 _aالعبادات
650 1 7 _aالصوم
650 1 7 _aالزكاة
650 1 7 _aالحج
653 _aاطفال مرحلة متوسطة (6-9) سنوات
942 _2ddc
_cBK
999 _c129117
_d129117